Statistics for Top 10 Aston Villa Premier League Most Assists

Click here to take the quiz!

General Stats

  • This quiz has been taken 46 times
  • The average score is 4 of 10

Answer Stats

PlayerAssists% Correct
Ashley Young50
67%
Gabby Agbonlahor39
67%
Gareth Barry43
67%
James Milner29
59%
Alan Wright22
31%
Dwight Yorke20
23%
Paul Merson21
23%
Lee Hendrie24
15%
Steve Staunton33
10%
Andy Townsend20
8%

Score Distribution

Percentile by Number Answered

Percent of People with Each Score

Your Score History

You have not taken this quiz